| 000 | 00771nam a22001937a 4500 | ||
|---|---|---|---|
| 005 | 20100730144454.0 | ||
| 010 | _aENG-97172 | ||
| 020 |
_a9788183571074 _c150.00 |
||
| 035 | _aEN-80705 | ||
| 037 | _bDBAD/PUB | ||
| 082 | _a000 | ||
| 245 |
_aUnique quintessence of india and the world: _bfor UPSC civil sevices and state public sevices main examinations (according to latest syllabus and pattern) / _cedited by J. K. Chopra |
||
| 260 |
_aNew Delhi _bUnique Publishers _c2010 |
||
| 270 |
_aM-51, Lajpat Nagar-II, New Delhi _bNew Delhi _e110024 |
||
| 300 |
_axi, 148p. _c24cm (pbk) |
||
| 700 |
_aChopra, J. K. _9790 |
||
| 942 |
_2ddc _cEN _h000 _mUNI |
||
| 999 |
_c38275 _d38275 |
||